Statistics for Governorates of Jordan Map Quiz

Click here to take the quiz!

General Stats

  • This quiz has been taken 441 times
  • The average score is 7 of 12

Answers on the Map

Answers color-coded by a green-red scale on the quiz's map according to % correct below.
 

Answer Stats

Answer% Correct
Amman
84%
Aqaba
77%
Irbid
64%
Ma'an
60%
Mafraq
57%
Zarqa
57%
Ajloun
51%
Jerash
48%
Madaba
47%
Karak
45%
Tafilah
42%
Balqa
41%

Score Distribution

Percentile by Number Answered

Percent of People with Each Score

Your Score History

You have not taken this quiz